| 000 | 01140nam a22002175i 4500 | ||
|---|---|---|---|
| 001 | 163350 | ||
| 003 | ES-MaACL | ||
| 005 | 20230906212725.0 | ||
| 008 | 981008s1879 sp f |||| | spa d | ||
| 040 |
_aCCPB | B _bspa _cCCPB | B |
||
| 245 | 0 | 4 |
_aLos restos de Colon _b: informe de la Real Academia de la Historia al Gobierno de S. M. sobre el supuesto hallazgo de los verdaderos restos de Cristóval [sic] Colon en la Iglesia Catedral de Santo Domingo / _cpublicado por el Ministerio de Fomento. |
| 260 |
_aMadrid : _b[s.n.], _c1879 ( _fImprenta y Fundicion de M. Tello) |
||
| 300 |
_aVIII, 197 p., [5] h. de lám., [1] h. pleg. ; _c18 cm. |
||
| 594 | _aSegún Palau el autor es Manuel Colmeiro. | ||
| 599 | _aLas h. de grab. y la h. de grab. pleg. son facsímiles de inscripciones encontradas en una urna de Cristobal Colón descubierta en la Catedral de Santo Domingo. | ||
| 600 | 1 | 4 |
_aColón, Cristóbal. _939869 |
| 650 | 4 |
_aInvestigación histórica. _9136315 |
|
| 700 | 1 |
_aColmeiro, Manuel ( _d1818-1894) _939768 |
|
| 710 | 2 |
_aReal Academia de la Historia (España) _96309 |
|
| 852 |
_aES-MaACL _jF-9311 _z-- Enc. pasta española |
||
| 999 |
_c163350 _d163350 |
||